| 000 | 00564cam a22002291 4500 | ||
|---|---|---|---|
| 001 | sa 65001251 | ||
| 003 | DLC | ||
| 005 | 20260227112108.0 | ||
| 008 | 940523s1962 ii 000 1 beno | ||
| 010 | _asa 65001251 | ||
| 025 | _aPL480:EP-B-566 | ||
| 035 | _a(OCoLC)30484068 | ||
| 040 |
_aDLC _cCU _dCU _dDLC |
||
| 042 | _apremarc | ||
| 050 | 0 | 0 |
_aBP104.92 _b.R3 |
| 130 | 0 |
_aQurʼan. _kSelections. _lBengali. |
|
| 245 | 1 | 0 | _aKuraāna śarīpha āmapārā. |
| 260 | _c[1962] | ||
| 300 |
_a32 p. _c24 cm. |
||
| 500 | _aIn Bengali. | ||
| 700 | 1 | _aRahman, Abdur. | |
| 999 |
_c61983 _d61983 |
||